00699nam a2200193Ia 4500003000900000008004100009040001600050080001500066110004300081245010800124260004400232300001500276650002200291650002100313650003300334942000700367999001500374952011600389IN-BaIIA211028s9999 xx 000 0 eng d cIIA Library a382.2bIND aIndia. Govt. of Ministry Commere98794 0aImport trade control policy for the year april 1976-march 1977bvol. 2cIndia Govt. of Ministry Commere aDelhibController of Publicationsc1976 aiv , 342p. a Exporters98795 a Policy 98796 aImpact Trade Control 98797 cBK c4906d4906 00104070aBANbBANcGENd1976-09-07g15.00l0o382.2/ INDp5491r2021-11-05v15.00w1976-09-07yBKGRs. 15.00